<L>'Avenir de l'argent
Gespeichert in:
| Format: | Buch |
|---|---|
| Sprache: | Französisch |
| Veröffentlicht: |
Paris
OECD
2002
|
| Schlagworte: | |
| Tags: |
Keine Tags, Fügen Sie das erste Tag hinzu!
|
MARC
| LEADER | 00000nam a2200000 4500 | ||
|---|---|---|---|
| 001 | c140067 | ||
| 005 | 20221221092051.8 | ||
| 020 | |a 92-64-29672-7 | ||
| 041 | 0 | |a fre | |
| 044 | |a FR | ||
| 245 | 1 | 0 | |a <L>'Avenir de l'argent |
| 264 | 1 | |a Paris |b OECD |c 2002 | |
| 300 | |a 199 s. | ||
| 610 | 2 | 0 | |a peniaze |
| 610 | 2 | 0 | |a mena |
| 610 | 2 | 0 | |a politika peňažná |
| 610 | 2 | 0 | |a svet |
| 610 | 2 | 0 | |a OECD |